<?xml version="1.0" encoding="UTF-8"?><?xml-stylesheet type="text/xsl" href="static/style.xsl"?><OAI-PMH xmlns="http://www.openarchives.org/OAI/2.0/" xmlns:xsi="http://www.w3.org/2001/XMLSchema-instance" xsi:schemaLocation="http://www.openarchives.org/OAI/2.0/ http://www.openarchives.org/OAI/2.0/OAI-PMH.xsd"><responseDate>2026-04-28T15:17:18Z</responseDate><request verb="GetRecord" identifier="oai:riubu.ubu.es:10259/5076" metadataPrefix="marc">https://riubu.ubu.es/oai/request</request><GetRecord><record><header><identifier>oai:riubu.ubu.es:10259/5076</identifier><datestamp>2021-11-10T09:38:20Z</datestamp><setSpec>com_10259_4244</setSpec><setSpec>com_10259_5086</setSpec><setSpec>com_10259_2604</setSpec><setSpec>col_10259_4245</setSpec></header><metadata><record xmlns="http://www.loc.gov/MARC21/slim" xmlns:doc="http://www.lyncode.com/xoai" xmlns:xsi="http://www.w3.org/2001/XMLSchema-instance" xmlns:dcterms="http://purl.org/dc/terms/" xsi:schemaLocation="http://www.loc.gov/MARC21/slim http://www.loc.gov/standards/marcxml/schema/MARC21slim.xsd">
<leader>00925njm 22002777a 4500</leader>
<datafield tag="042" ind1=" " ind2=" ">
<subfield code="a">dc</subfield>
</datafield>
<datafield tag="720" ind1=" " ind2=" ">
<subfield code="a">Benito Román, Oscar</subfield>
<subfield code="e">author</subfield>
</datafield>
<datafield tag="720" ind1=" " ind2=" ">
<subfield code="a">Sanz Díez, Mª Teresa</subfield>
<subfield code="e">author</subfield>
</datafield>
<datafield tag="720" ind1=" " ind2=" ">
<subfield code="a">Melgosa Gómez, Rodrigo</subfield>
<subfield code="e">author</subfield>
</datafield>
<datafield tag="720" ind1=" " ind2=" ">
<subfield code="a">Paz Barragán, Esther de</subfield>
<subfield code="e">author</subfield>
</datafield>
<datafield tag="720" ind1=" " ind2=" ">
<subfield code="a">Escudero Barbero, Isabel</subfield>
<subfield code="e">author</subfield>
</datafield>
<datafield tag="720" ind1=" " ind2=" ">
<subfield code="a">Beltrán Calvo, Sagrario</subfield>
<subfield code="e">author</subfield>
</datafield>
<datafield tag="260" ind1=" " ind2=" ">
<subfield code="c">2019-05</subfield>
</datafield>
<datafield tag="520" ind1=" " ind2=" ">
<subfield code="a">Tyrosinase from mushroom was used as a model polyphenol oxidase (PPO) enzyme to perform a systematic inactivation study using High Pressure Carbon Dioxide (HPCD). The ratio CO2/volume of enzyme (g/mL) loaded in the reactor was found to be critical. Above a critical ratio, pressure, temperature and time did not control the inactivation performance. Exposure time (2–15 min), temperature (25–45 °C) and pressure (5–20 MPa) allowed to show a characteristic inactivation pattern for PPO: a sudden decrease in activity (at least 75% of the total activity loss was observed within the first 2 min) was followed by a slowed decay. The experimental data were fitted into a two fraction kinetic model and the main kinetic parameters (ZP, ZT activation volume and activation energy) were calculated. The fluorescence spectroscopy analysis of the samples treated with HPCD revealed significant changes in the tertiary structure of the enzyme.</subfield>
</datafield>
<datafield tag="024" ind2=" " ind1="8">
<subfield code="a">0896-8446</subfield>
</datafield>
<datafield tag="024" ind2=" " ind1="8">
<subfield code="a">http://hdl.handle.net/10259/5076</subfield>
</datafield>
<datafield tag="024" ind2=" " ind1="8">
<subfield code="a">10.1016/j.supflu.2018.07.026</subfield>
</datafield>
<datafield ind1=" " ind2=" " tag="653">
<subfield code="a">Polyphenol oxidase</subfield>
</datafield>
<datafield ind1=" " ind2=" " tag="653">
<subfield code="a">HPCD</subfield>
</datafield>
<datafield ind1=" " ind2=" " tag="653">
<subfield code="a">Enzyme inactivation</subfield>
</datafield>
<datafield ind1=" " ind2=" " tag="653">
<subfield code="a">Supercritical carbon dioxide</subfield>
</datafield>
<datafield tag="245" ind1="0" ind2="0">
<subfield code="a">Studies of polyphenol oxidase inactivation by means of high pressure carbon dioxide (HPCD)</subfield>
</datafield>
</record></metadata></record></GetRecord></OAI-PMH>